000 00972nam a22002777a 4500
001 BR2023000570
003 BR-BrBNA
005 20230530115429.0
008 230525b bl.||||| |||| 00| 0 por d
040 _aBR-BrBNA
_bpor
041 _apor
072 _aE11 ; U10
090 _aE11 BR2023000570
110 _aInstituto Nacional de Colonização e Reforma Agrária, Brasília, DF (Brazil). Diretoria de Cadastro Rural
245 _aEstatísticas cadastrais 1998
_bv. 2: Situação Jurídica; Natureza e Nacionalidade do Declarante; Classificação Segundo as Categorias de Imóveis Rurais; Parceria e Arrendamento; Distribuição de Pessoal Ocupado
260 _aBrasília, DF (Brazil)
_c1999
300 _a570 p.
500 _aGlossary p. 12-13; 19 tables
650 _aPOLÍTICA AGRÁRIA
650 _aREFORMA AGRÁRIA
650 _aESTATÍSTICA
650 _aMÉTODO ESTATÍSTICO
650 _aCADASTRO
909 _a202305
_bFernando
942 _cBK
999 _c9218
_d9218